| 000 | 00517nam a22001697a 4500 | ||
|---|---|---|---|
| 003 | NUST - PNEC | ||
| 005 | 20170116181100.0 | ||
| 008 | 151002b xxu||||| |||| 00| 0 eng d | ||
| 020 | _a- | ||
| 040 | _cLIBRARY | ||
| 082 | _a624.1773 GAL | ||
| 100 |
_912310 _aGalambos, Theodore V. |
||
| 245 |
_aParentice-Hall international series in theoretical and applied mechanics: Structural analysis and design series _cTheodore V. Galambos |
||
| 260 | _cc.1968 | ||
| 650 |
_912313 _aApplied Mechanics _xME |
||
| 942 |
_2ddc _cBK |
||
| 999 |
_c68717 _d68717 |
||